Rabindra Bharati University
WEBOPAC (ONLINE PUBLIC ACCESS CATALOGUE)

Rabindranath Tagore: (Record no. 123459)

000 -LEADER
fixed length control field 00498nam a22001817a 4500
005 - DATE & TIME
control field 20260325134613.0
008 - FIXED-LENGTH DATA ELEMENTS--GENERAL INFORMATION
fixed length control field 260323b xxu||||| |||| 00| 0 eng d
020 ## - ISBN
International Standard Book Number 978 1 041 11597 7
Price Rs.1295
040 ## - CATALOGING SOURCE
Original cataloging agency RBU-Library
041 ## - Language
Language English
082 ## - DDC NUMBER
Classification number 327.1
Book Number T128(P) T.L.
100 ## - MAIN ENTRY--PERSONAL NAME
Personal name Puri, Bindu
245 ## - TITLE STATEMENT
Title Rabindranath Tagore:
Sub Title peace in an enchanted world
260 ## - PUBLICATION, DISTRIBUTION, ETC. (IMPRINT)
Place of publication, distribution, etc London:
Name of publisher, distributor, etc Routledge,
Date of publication, distribution, etc c2025
300 ## - PHYSICAL DESCRIPTION
Pages 137p.
650 ## - Subject
Subject Tagore,Rabindranath,-
942 ## - ADDED ENTRY ELEMENTS (KOHA)
Koha item type Books
100 ## - MAIN ENTRY--PERSONAL NAME
-- 1494
650 ## - Subject
-- 1495
Holdings
Price effective from Location (home branch) Koha date last seen Not for loan Date acquired Source of classification or shelving scheme Koha item type Barcode (Accession No.) Damaged status Lost status Withdrawn status Sublocation or collection (holding branch) Koha full call number
2026-03-23Central Library, RBU.2026-03-23 2026-03-23 Books126979   Central Library, RBU.327.1 T128(P) T.L.

Customized by - AVIOR TECHNOLOGIES PVT. LTD. , Website : www.aviortechnologies.com , Email : mail@aviortechnologies.com